Statistieken voor Noem de grootste en bekendste steden en plaatsen in Overijssel

Klik hier om de quiz te nemen!

Algemene statistieken

  • Deze quiz is 16 keer genomen
  • De gemiddelde score is 22 van 36

Antwoordstatistieken

Antwoord% Correct
Hengelo
100%
Kampen
100%
Zwolle
100%
Almelo
92%
Deventer
92%
Enschede
92%
Raalte
83%
Olst
75%
Ommen
75%
Vriezenveen
75%
Wierden
75%
Borne
67%
Dalfsen
67%
Haaksbergen
67%
Hardenberg
67%
Oldenzaal
67%
Wijhe
67%
Nijverdal
58%
Vroomshoop
58%
Genemuiden
50%
Giethoorn
50%
Gramsbergen
50%
Heino
50%
Holten
50%
Rijssen
50%
Staphorst
50%
Steenwijk
50%
Dedemsvaart
42%
Goor
42%
Slagharen
42%
Tubbergen
42%
Hasselt
33%
Zwartsluis
33%
Denekamp
25%
Ootmarsum
25%
Nieuw Leusden
17%

Scoreverdeling

Percentiel versus Aantal Correcte Antwoorden

Procent van Mensen met Elke Score

Uw Scoregeschiedenis

U heeft deze quiz nog niet genomen